000 01233cab a2200253 4500
001 ABS43950
008 090401t1990 xxu||||| |||| 00| 0 eng d
035 _a(Sirsi) u44419
041 _aeng
245 _aEnvironmental Protection Act 1990
260 _c1990
350 _a0
490 _aMcKenna & Co Environmental Law Bulletin
_v(6) December 1990, 2-11(10)
520 _aReviews the Environmental Protection Act 1990 which received the royal assent on 1 November, focusing particularly on the provisions relating to integrated pollution control and air pollution control by local authorities , waste disposal , statutory nuisances , litter , amendments to Radioactive Substances Act 1960, control of genetically modified organisms (GMOs), nature conservation , dangerous substances , contaminated land registers , liability of companies and parent companies for their subsidiaries and the penalties for offences under environmental legislation.
650 _aBATNEEC
650 _aHAZARDOUS WASTES
650 _aNATURE CONSERVANCY COUNCIL
650 _aNUISANCE
650 _aPOLLUTION
650 _aWASTE MANAGEMENT LICENCES
690 _aENVIRONMENTAL AND LAND CONSULTANCY
942 _n0
948 _c04/03/1997
999 _c28264
_d28264